| 000 | 00432cam a2200169ua 4500 | ||
|---|---|---|---|
| 020 | _c260.00 | ||
| 041 |
_aeng _h |
||
| 082 |
_a575.10724 _bGUP/MO |
||
| 100 | _aGupta, P K . | ||
| 245 |
_aMolecular biology and genetic engineering / _cP K Gupta. _hTextual Documents |
||
| 260 |
_aMeerut : _bRastogi Publications , _c2006. |
||
| 300 | _a590 ; . | ||
| 365 | _a260.00 | ||
| 504 | _a | ||
| 942 | _cBK | ||
| 999 |
_c13309 _d13309 |
||